Strong and effective national human rights institutions Challenges, promising practices and opportunities

Detalles Bibliográficos
Formato: eBook
Lenguaje:inglés
Publicado: Bruselas: European Union Publications Office, 2020
Materias:
Acceso en línea:Acceso restringido

MARC

LEADER 00000nam a22000007a 4500
005 2021093003053.0
007 cr|||| |||
008 210930s2020 eu |||||s|||| 00||0 eng d
020 |a 978-92-9474-867-6 
035 |a 34442 
040 |a vLex 
090 |c 12453  |d 12453 
245 0 0 |a Strong and effective national human rights institutions  |h [Recurso electrn̤ico] :  |b Challenges, promising practices and opportunities 
256 |a Servicio en ln̕ea 
260 |a Bruselas:  |b European Union Publications Office,  |c 2020 
300 |a 1 recurso electrn̤ico 
506 1 |a Disponible solo en los productos indicados  |d vLex Global  |d vLex Global (Academic Edition, excluding Law Schools)  |d vLex Global (U.S. Academic Edition, Law Schools)  |d vLex Global (U.S. Academic Edition, excluding Law Schools)  |d vLex Global (Academic Edition, Law Schools) 
650 0 4 |a Derecho Comunitario  |z Unin̤ Europea 
650 0 4 |a Derecho Constitucional  |z Unin̤ Europea 
650 0 4 |a Economa̕ Espaǫla  |z Unin̤ Europea 
740 0 |a vLex Libros (Servicio en ln̕ea) 
856 4 0 |u https://app.vlex.com/#/sources/34442  |z Acceso restringido 
942 |c BOOK 
999 0 |a Community Law 
999 0 |a Constitutional Law 
999 0 |a Spanish Economy